000 00562nam a2200193Ia 4500
005 20250326141030.0
008 250326s9999 xx 000 0 und d
020 _a81-7648-068-1
037 _aTextbook
040 _aFMSL
_beng
_cFMSL
041 _aeng
_2eng
084 _aX:321.44 N9
_qFMSL
100 _aAhmed Farooq
_9686355
245 0 _aConsumer protection in India : problems and prospects
_cAhmed Farooq
260 _aNew Delhi
_bNew Delhi, A.P.H
_c1999
300 _axxxi,456
942 _cTB
_hX:321.44 N9
999 _c1288380
_d1288380